|
|
|
|
| LEADER |
02067nam a2200409 i 4500 |
| 001 |
44191 |
| 003 |
BD-DhAAL |
| 005 |
20250304123354.0 |
| 008 |
250304t2015 bg b 000 0 eng d |
| 010 |
|
|
|a 2015362494
|
| 020 |
|
|
|a 9789843399847
|
| 025 |
|
|
|a B-E-2015362494; 27; 22-92
|
| 035 |
|
|
|a (MFDhaka) 2015362494
|
| 037 |
|
|
|b Library of Congress -- New Delhi Overseas Office
|
| 040 |
|
|
|a DLC
|b eng
|e rda
|c DLC
|d DLC
|d BD-DhAAL
|
| 042 |
|
|
|a lcode
|a pcc
|
| 043 |
|
|
|a a-bg---
|
| 050 |
0 |
0 |
|a HQ1240.5.B36
|b E88 2015
|
| 082 |
|
|
|a 305.42095492
|2 23
|
| 245 |
0 |
0 |
|a Estimating women's contribution to the economy :
|b the case of Bangladesh /
|c Fahmida Khatun ... [et al.].
|
| 246 |
3 |
0 |
|a Women's contribution
|
| 260 |
|
|
|a Dhaka :
|b Centre for Policy Dialogue ;
|b Manusher Jonno Foundation,
|c 2015.
|
| 300 |
|
|
|a xviii, 101 pages ;
|c 22 cm
|
| 504 |
|
|
|a Includes bibliographical references (pages 71-77).
|
| 541 |
|
|
|a Complimentary copy from the Centre for Policy Dialogue (CPD)
|e 44191, 44192
|
| 650 |
|
0 |
|a Women in economic development
|z Bangladesh.
|9 51028
|
| 700 |
1 |
|
|a Khatun, Fahmida,
|d 1963-
|e author.
|9 57880
|
| 700 |
1 |
|
|a Khan, Towfiqul Islam,
|e author.
|
| 700 |
1 |
|
|a Pervin, Shahida,
|e author.
|9 57881
|
| 700 |
1 |
|
|a Jahan, Hosna,
|e author.
|9 57882
|
| 710 |
2 |
|
|a Centre for Policy Dialogue (Bangladesh),
|e issuing body.
|
| 710 |
2 |
|
|a Manusher Jonno (Organization),
|e issuing body.
|9 57883
|
| 852 |
|
|
|a Ayesha Abed Library
|c General Stacks
|
| 942 |
|
|
|2 ddc
|c BK
|
| 999 |
|
|
|c 47250
|d 47250
|
| 952 |
|
|
|0 0
|1 0
|2 ddc
|4 0
|6 305_420954920000000_EST
|7 0
|9 77434
|a BRACUL
|b BRACUL
|c GEN
|d 2025-03-04
|e Complimentary copy from the Centre for Policy Dialogue (CPD)
|g 325.00
|l 0
|o 305.42095492 EST
|p 3010044191
|r 2025-03-04
|t 1
|w 2025-03-04
|y BK
|x Complimentary copy from the Centre for Policy Dialogue (CPD)
|
| 952 |
|
|
|0 0
|1 0
|2 ddc
|4 0
|6 305_420954920000000_EST
|7 0
|9 77435
|a BRACUL
|b BRACUL
|c GEN
|d 2025-03-04
|e Complimentary copy from the Centre for Policy Dialogue (CPD)
|g 325.00
|l 0
|o 305.42095492 EST
|p 3010044192
|r 2025-03-04
|t 2
|w 2025-03-04
|y BK
|x Complimentary copy from the Centre for Policy Dialogue (CPD)
|